000 00584nam a22002057a 4500
003 OSt
005 20241216090716.0
008 220831b |||||||| |||| 00| 0 eng d
020 _a978-1-292-09741-1
040 _cIFM Library
082 _a338.04
100 _aMariotti, Steve
_97714
245 _aEntreprenuership: Starting and Operating a Small Business
250 _a4th ed.
260 _aHarlow:
_bPearson Education,
_c2016
300 _a557p.:
_bill.; 27cm.
500 _aIncludes Bibliographical References and Index
700 _aGlackin, Caroline
942 _cBK
_2ddc
_n0
999 _c20773
_d20773